000 01474cam a22003135a 4500
001 L137226
008 070323s2007 xxk f 001 0 eng d
020 _a9781846610554
035 _a(Sirsi) u137226
041 0 _aeng
050 0 4 _a333.3234 $2 18
100 1 _aJessel, Christopher
245 0 0 _aDevelopment land overage and clawback
250 _a2nd ed.
260 _aBristol
_bJordans
_c2007
300 _axxxiii, 292p.
_c26cm.
350 _a90
505 2 _aPurpose and origins -- Promise to pay and assignment -- Positive covenants -- Restrictive covenants -- Mortgages and charges -- Ransoms -- Landlord and tenant -- Options -- Vehicles -- Government clawback and tax -- Negotiation and drafting -- The future -- Worked examples -- Precedents and drafting
520 _aDetails the methods that may be used to achieve overage and clawback and considers how to ascertain the trigger event for payment, how to calculate the amount of any payment, and how to enforce payment obligations. Takes account of the Land Registration Act 2002, the introduction of Stamp Duty Land Tax, the Companies Act 2006 and the Charities Act 2006.
520 _aSupersedes first edition (ISBN 0853086699).
590 _aKA
650 2 4 _aLAND REGISTRATION ACT 2002
650 2 4 _aSTAMP DUTY LAND TAX
650 2 4 _aCOMPANIES ACT 2006
650 2 4 _aCHARITIES ACT 2006
651 4 _aEngland and Wales
_y1543-
690 _aPROPERTY-PROPERTY DEVELOPMENT
942 _n0
999 _c106697
_d106697